Rozdíly v doručování B2B a B2C se stírají

Väčšina balíkových a expresných doručovacích spoločností doručuje prevažne B2B zásielky, čiže do firiem. Narastá podiel doručovania B2C - súkromným osobám. Vývoj prepravných služieb smeruje k vyššej kvalite a rastúcemu komfortu. Zásadnú úlohu hrá rýchlosť doručenia zásielky, optimálne ešte ten istý...

Ausführliche Beschreibung

Gespeichert in:
Bibliographische Detailangaben
1. Verfasser: Kotora, Bohumír
Format: Buchkapitel
Sprache:Tschechisch
Schlagworte:
Tags: Tag hinzufügen
Keine Tags, Fügen Sie das erste Tag hinzu!

MARC

LEADER 00000naa a2200000 4500
001 0228521
005 20170316112639.1
041 0 |a cze 
044 |a CZ 
245 1 0 |a Rozdíly v doručování B2B a B2C se stírají  |c Bohumír Kotora 
520 |a Väčšina balíkových a expresných doručovacích spoločností doručuje prevažne B2B zásielky, čiže do firiem. Narastá podiel doručovania B2C - súkromným osobám. Vývoj prepravných služieb smeruje k vyššej kvalite a rastúcemu komfortu. Zásadnú úlohu hrá rýchlosť doručenia zásielky, optimálne ešte ten istý deň. Je potrebné zabezpečiť aj spätnú logistiku. Skúsenosti kuriérskych spoločností v Českej republike. 
610 2 0 |a služby kuriérske 
610 2 0 |a distribúcia 
610 2 0 |a logistika reverzná 
610 2 0 |a firmy 
610 2 0 |a osoby fyzické 
100 1 |a Kotora, Bohumír